[Event "Montreal op"]
[Site "Montreal CAN"]
[Date "2025.09.05"]
[Round "3.18"]
[White "Huang, Qiuyu"]
[Black "Ramesan, Raunak Amit"]
[Result "1-0"]
[WhiteElo "2043"]
[BlackElo "1877"]
[WhiteFideId "-1"]
[WhiteFideId "-1"]
[PlyCount "91"]
[GameId "2219788717261337"]
[EventDate "2025.09.03"]
[EventType "swiss"]
[EventRounds "7"]
[EventCountry "CAN"]

1. e4 e5 2. Nf3 Nc6 3. Bc4 Nf6 4. d3 h6 5. c3 d6 6. Bb3 g6 7. Nbd2 Bg7 8. Qe2 Na5 9. Bc2 c5 10. d4 exd4 11. cxd4 Nc6 12. d5 Ne7 13. a4 O-O 14. Nc4 Re8 15. Ne3 Nh5 16. O-O f5 17. exf5 Nxf5 18. Qc4 Rf8 19. Nxf5 Bxf5 20. Bxf5 Rxf5 21. Nh4 Rf7 22. Nxg6 Qf6 23. Qg4 Kh7 24. Qxh5 Qxg6 25. Qxg6+ Kxg6 26. Re1 Be5 27. Rb1 a6 28. Be3 Rc8 29. g3 Rf5 30. b3 b5 31. axb5 axb5 32. f4 Bg7 33. Rbd1 c4 34. bxc4 bxc4 35. g4 Rf7 36. Rb1 Re7 37. Kf2 Rce8 38. f5+ Kf7 39. Bf4 Bd4+ 40. Kf1 Bc5 41. Re6 Rxe6 42. dxe6+ Kf6 43. Rb7 Rf8 44. Bxh6 c3 45. Bxf8 Be3 46. Bg7+ 1-0

[Event "Montreal op"]
[Site "Montreal CAN"]
[Date "2025.09.05"]
[Round "3.19"]
[White "Lopez Linares, Lizandro"]
[Black "Morin-Pare, Victor"]
[Result "1-0"]
[WhiteElo "2038"]
[BlackElo "1873"]
[WhiteFideId "-1"]
[WhiteFideId "-1"]
[PlyCount "73"]
[GameId "2219807733142049"]
[EventDate "2025.09.03"]
[EventType "swiss"]
[EventRounds "7"]
[EventCountry "CAN"]

1. d4 Nf6 2. Nf3 e6 3. c4 b6 4. a3 Be7 5. Nc3 O-O 6. d5 d6 7. e4 e5 8. b4 Bg4 9. Be2 Nbd7 10. O-O Nh5 11. h3 Bxf3 12. Bxf3 Nf4 13. Kh2 a5 14. Rb1 Bg5 15. g3 Ng6 16. Bb2 Ne7 17. Bg2 Ng6 18. Qe2 Qe7 19. Nb5 Qd8 20. Bc3 f5 21. exf5 Rxf5 22. Qg4 Ne7 23. Rb2 axb4 24. axb4 Nf6 25. Qe2 Ng6 26. f4 Nxf4 27. gxf4 Bxf4+ 28. Kg1 Nh5 29. Be1 Qg5 30. Qg4 Qf6 31. Bf2 Qf7 32. Nxc7 Rc8 33. Ra2 h6 34. Nb5 e4 35. Nd4 e3 36. Nxf5 exf2+ 37. Raxf2 1-0

[Event "Montreal op"]
[Site "Montreal CAN"]
[Date "2025.09.05"]
[Round "3.20"]
[White "Berube, Maximilien"]
[Black "Morin, Richer"]
[Result "0-1"]
[WhiteElo "2007"]
[BlackElo "1859"]
[WhiteFideId "-1"]
[WhiteFideId "-1"]
[PlyCount "104"]
[GameId "2219809667977769"]
[EventDate "2025.09.03"]
[EventType "swiss"]
[EventRounds "7"]
[EventCountry "CAN"]

1. e4 e5 2. Nf3 Nc6 3. d4 exd4 4. Nxd4 Nf6 5. Nxc6 bxc6 6. Nd2 d5 7. exd5 cxd5 8. Bb5+ Bd7 9. Bxd7+ Qxd7 10. O-O Be7 11. b3 O-O 12. Bb2 a5 13. a4 Rfe8 14. Qf3 Ne4 15. Rad1 Qe6 16. Nxe4 dxe4 17. Qg3 Bf8 18. Rfe1 Rad8 19. Rxd8 Rxd8 20. Bc3 Rd5 21. Qxc7 e3 22. Qa7 exf2+ 23. Qxf2 Bc5 24. Rxe6 fxe6 25. Be1 Bxf2+ 26. Kxf2 Rc5 27. c3 Rf5+ 28. Ke3 Re5+ 29. Kd2 Kf7 30. Bg3 Rd5+ 31. Kc2 Ke7 32. b4 Kd7 33. b5 e5 34. c4 Rd4 35. Kc3 Kd6 36. c5+ Kd5 37. c6 Rxa4 38. Bxe5 Kc5 39. Kb3 Rb4+ 40. Ka3 Kxb5 41. c7 Rc4 42. g3 g6 43. Kb3 Rc6 44. Ka3 Ka6 45. Ka4 Kb7 46. Bf4 Rc5 47. Bd6 Rd5 48. Bf4 g5 49. Be3 Kxc7 50. Bf2 g4 51. Be1 Kd6 52. Bxa5 Rxa5+ 0-1

[Event "Montreal op"]
[Site "Montreal CAN"]
[Date "2025.09.05"]
[Round "3.21"]
[White "Lamontagne, Damien"]
[Black "Darvekar, Yash"]
[Result "1-0"]
[WhiteElo "1834"]
[BlackElo "1989"]
[WhiteFideId "-1"]
[WhiteFideId "-1"]
[PlyCount "75"]
[GameId "2219811755987505"]
[EventDate "2025.09.03"]
[EventType "swiss"]
[EventRounds "7"]
[EventCountry "CAN"]

1. e4 c5 2. Nf3 d6 3. d4 cxd4 4. Nxd4 Nf6 5. Nc3 a6 6. Be3 e5 7. Nb3 Be6 8. f3 Be7 9. Qd2 O-O 10. O-O-O Nbd7 11. g4 b5 12. g5 b4 13. Ne2 Ne8 14. f4 a5 15. f5 a4 16. Nbd4 exd4 17. Nxd4 b3 18. Kb1 bxc2+ 19. Nxc2 Bb3 20. axb3 axb3 21. Na3 Ne5 22. h4 Ra4 23. Qd5 Nc7 24. Qxb3 Qa8 25. Qc2 Rb8 26. Ka2 d5 27. Bc5 Bxc5 28. Qxc5 Nc6 29. Rh3 Nb4+ 30. Ka1 Qb7 31. Rd2 d4 32. g6 d3 33. gxf7+ Kxf7 34. Bxd3 Rxa3+ 35. bxa3 Ncd5 36. axb4 Ra8+ 37. Kb2 Nxb4 38. Bc4+ 1-0

[Event "Montreal op"]
[Site "Montreal CAN"]
[Date "2025.09.05"]
[Round "3.22"]
[White "Latreche, Sabrina"]
[Black "Radenovic, Milan"]
[Result "0-1"]
[WhiteElo "1984"]
[BlackElo "1851"]
[WhiteFideId "-1"]
[WhiteFideId "-1"]
[PlyCount "108"]
[GameId "2219813206852153"]
[EventDate "2025.09.03"]
[EventType "swiss"]
[EventRounds "7"]
[EventCountry "CAN"]

1. e4 c5 2. Nf3 Nc6 3. d4 cxd4 4. Nxd4 Nf6 5. Nc3 d6 6. h3 g6 7. Be3 Bg7 8. Qd2 O-O 9. O-O-O d5 10. Nxc6 bxc6 11. exd5 cxd5 12. Nxd5 Nxd5 13. Qxd5 Qc7 14. Qc5 Qb7 15. b3 Bf5 16. Bc4 Rfc8 17. Qd5 Rxc4 18. bxc4 Qb2+ 19. Kd2 Qxc2+ 20. Ke1 Bc3+ 21. Kf1 Be4 22. Qd7 Bf5 23. Qd5 Be4 24. Qd2 Rb8 25. Bh6 Bg7 26. Bxg7 Kxg7 27. Qd4+ Kg8 28. Rd2 Qc1+ 29. Ke2 Qxh1 30. Qxe4 Qc1 31. Rc2 Qb1 32. Qd3 Rb6 33. Qd8+ Kg7 34. Qd4+ f6 35. Qe4 Kf7 36. Kf3 Re6 37. Qd3 Rd6 38. Qe2 Qb7+ 39. Kg3 Qc7 40. f4 Rd4 41. Qe3 Rxc4 42. Rxc4 Qxc4 43. Qxa7 h5 44. h4 Qe6 45. Qf2 Qd6 46. Kh3 Kg7 47. g3 Qa3 48. Qe2 Kf7 49. Qc4+ Kf8 50. Qc8+ Kf7 51. Qh8 Qf3 52. Qh7+ Ke6 53. Qg8+ Kd7 54. Qc4 Qh1# 0-1

[Event "Montreal op"]
[Site "Montreal CAN"]
[Date "2025.09.05"]
[Round "3.23"]
[White "Dufresne, Christophe"]
[Black "Salman, Samer"]
[Result "1/2-1/2"]
[WhiteElo "1762"]
[BlackElo "1967"]
[WhiteFideId "-1"]
[WhiteFideId "-1"]
[PlyCount "89"]
[GameId "2219817322975812"]
[EventDate "2025.09.03"]
[EventType "swiss"]
[EventRounds "7"]
[EventCountry "CAN"]

1. e4 c5 2. d4 cxd4 3. Qxd4 Nc6 4. Qd3 Nf6 5. Nc3 d6 6. Nf3 g6 7. Be2 Bg7 8. O-O O-O 9. Nd5 Nd7 10. c3 Nc5 11. Qc2 h6 12. Be3 b6 13. Nd4 Bb7 14. Nxc6 Bxc6 15. f3 Rc8 16. Qd2 Kh7 17. Bf2 Qd7 18. Bh4 g5 19. Bf2 e6 20. Ne3 Rfd8 21. Rad1 Qe7 22. c4 Na4 23. b3 Nc3 24. Rc1 Nxe2+ 25. Qxe2 a6 26. Nc2 Rb8 27. Nb4 Qb7 28. Nxc6 Qxc6 29. Rfd1 Be5 30. Bg3 Qc5+ 31. Bf2 Qc6 32. Bg3 Qc5+ 33. Qf2 Bf4 34. Bxf4 gxf4 35. Qxc5 dxc5 36. g3 fxg3 37. hxg3 Rd4 38. Kf2 e5 39. Ke2 Rbd8 40. Rxd4 exd4 41. Rh1 Kg6 42. g4 b5 43. Rh5 Rc8 44. Rd5 Rc6 45. Kd3 1/2-1/2

[Event "Montreal op"]
[Site "Montreal CAN"]
[Date "2025.09.05"]
[Round "3.24"]
[White "Huynh, Nhu Phuong Nghi"]
[Black "Trofimov-Malyshkin, Valentyn"]
[Result "0-1"]
[WhiteElo "1400"]
[BlackElo "1964"]
[WhiteFideId "-1"]
[WhiteFideId "-1"]
[PlyCount "64"]
[GameId "2219819855503948"]
[EventDate "2025.09.03"]
[EventType "swiss"]
[EventRounds "7"]
[EventCountry "CAN"]

1. d4 e6 2. c4 Nf6 3. Nf3 d5 4. g3 c6 5. Bg2 dxc4 6. Qc2 b5 7. a4 Bb7 8. O-O Nbd7 9. e4 Be7 10. Bf4 h6 11. Rd1 O-O 12. Ne5 Nxe5 13. Bxe5 a6 14. Nc3 Qb6 15. Qe2 Rfe8 16. Bxf6 Bxf6 17. e5 Be7 18. Qg4 Rad8 19. Ne4 Kf8 20. Qh5 Rxd4 21. Nd6 Bxd6 22. exd6 Rd5 23. Bxd5 cxd5 24. Qh4 Qxd6 25. axb5 axb5 26. Qd4 e5 27. Qa7 Qc6 28. Qa3+ Kg8 29. f3 d4 30. Rf1 Ra8 31. Qe7 Rxa1 32. Rxa1 Qxf3 0-1

[Event "Montreal op"]
[Site "Montreal CAN"]
[Date "2025.09.05"]
[Round "3.25"]
[White "Rondon, Luciano"]
[Black "Sun, Jonathan"]
[Result "0-1"]
[WhiteElo "1950"]
[BlackElo "1790"]
[WhiteFideId "-1"]
[WhiteFideId "-1"]
[PlyCount "76"]
[GameId "2219833093677652"]
[EventDate "2025.09.03"]
[EventType "swiss"]
[EventRounds "7"]
[EventCountry "CAN"]

1. d4 Nf6 2. c4 g6 3. Nc3 Bg7 4. e4 d6 5. Be2 O-O 6. f4 e5 7. fxe5 dxe5 8. d5 Qe7 9. a3 a5 10. Nf3 Na6 11. Bg5 h6 12. Bxf6 Bxf6 13. O-O Bg7 14. Qe1 Bd7 15. b3 Kh7 16. Nb5 c6 17. Nc3 f5 18. Nd2 Rab8 19. Kh1 Nc5 20. b4 axb4 21. axb4 Na6 22. dxc6 Nxb4 23. cxd7 Nc2 24. Qb1 Nxa1 25. Qxa1 Qxd7 26. Nd5 b5 27. cxb5 fxe4 28. Rxf8 Rxf8 29. Bc4 e3 30. Ne4 Qg4 31. Ndf6+ Rxf6 32. Nxf6+ Bxf6 33. Qa7+ Bg7 34. Qf7 h5 35. Qf1 Qd4 36. Qe2 e4 37. Kg1 Be5 38. Qf1 e2+ 0-1

[Event "Montreal op"]
[Site "Montreal CAN"]
[Date "2025.09.05"]
[Round "3.26"]
[White "Turcotte, Jonathan"]
[Black "Chua, Zachary"]
[Result "0-1"]
[WhiteElo "1945"]
[BlackElo "1744"]
[WhiteFideId "-1"]
[WhiteFideId "-1"]
[PlyCount "121"]
[GameId "2219836745884252"]
[EventDate "2025.09.03"]
[EventType "swiss"]
[EventRounds "7"]
[EventCountry "CAN"]

1. d4 Nf6 2. Nf3 d5 3. Bf4 e6 4. e3 c5 5. c3 Nc6 6. Nbd2 Be7 7. h3 O-O 8. Be2 Ne4 9. Nxe4 dxe4 10. Nd2 cxd4 11. cxd4 e5 12. dxe5 Bb4 13. a3 Bxd2+ 14. Qxd2 Qxd2+ 15. Kxd2 Re8 16. Bb5 Bd7 17. Rhd1 a6 18. Ke1 axb5 19. Rxd7 Nb4 20. Ke2 Rec8 21. Rad1 Nd3 22. R1xd3 exd3+ 23. Kxd3 Rd8 24. Rxd8+ Rxd8+ 25. Kc3 Kf8 26. e4 Rd1 27. Be3 Ke7 28. f4 Kd7 29. f5 Rh1 30. Bf4 Rf1 31. g3 Re1 32. Kd4 Re2 33. b4 Rc2 34. Kd5 Rc6 35. h4 Ra6 36. Kc5 Rxa3 37. Kxb5 Ra6 38. Kc5 Rc6+ 39. Kd5 b5 40. h5 Rc4 41. e6+ fxe6+ 42. fxe6+ Ke8 43. Bd6 Rc1 44. Bc5 Rh1 45. Kc6 Rxh5 46. Kxb5 Re5 47. e7 Kd7 48. Ka6 h5 49. Bf2 Rxe4 50. b5 Ra4+ 51. Kb7 Kxe7 52. Kc6 Kd8 53. b6 Kc8 54. b7+ Kb8 55. Bc5 Ra6+ 56. Kd5 Kxb7 57. Bd6 Kc8 58. Be5 g6 59. Ke4 Kd7 60. Kf4 Ke6 61. Bc3 0-1

[Event "Montreal op"]
[Site "Montreal CAN"]
[Date "2025.09.05"]
[Round "3.27"]
[White "Gueorguiev, Valentin"]
[Black "Li, Jinyao"]
[Result "1-0"]
[WhiteElo "1933"]
[BlackElo "1400"]
[WhiteFideId "-1"]
[WhiteFideId "-1"]
[PlyCount "104"]
[GameId "2219856611308138"]
[EventDate "2025.09.03"]
[EventType "swiss"]
[EventRounds "7"]
[EventCountry "CAN"]

1. d4 Nf6 2. Bf4 g6 3. Nc3 Bg7 4. e4 d6 5. Qd2 a5 6. f3 Nh5 7. Bh6 O-O 8. O-O-O Re8 9. Bxg7 Nxg7 10. g4 Nd7 11. h4 e5 12. d5 h5 13. Be2 Nf8 14. Nh3 Nh7 15. Ng5 Qf6 16. Nxh7 Kxh7 17. Kb1 Qf4 18. Qd3 Bd7 19. Rdg1 Qf6 20. Rf1 c6 21. Rd1 c5 22. Rdf1 Reb8 23. Nb5 Rc8 24. Qc3 c4 25. a4 Bxb5 26. axb5 Qf4 27. Bxc4 b6 28. Qd3 Rc5 29. Qe2 a4 30. Rhg1 a3 31. b4 Rc7 32. Ka2 Rca7 33. Bb3 Kh6 34. Rd1 Rc7 35. Rd3 Kh7 36. Qf2 hxg4 37. Qxb6 Ne8 38. Qf2 Nf6 39. Qb6 Rd7 40. Qe3 Qxe3 41. Rxe3 gxf3 42. Rf1 Kg7 43. Rexf3 Rb7 44. c4 Nh5 45. Bc2 Rc7 46. Rc3 Nf4 47. Rff3 Kh6 48. c5 dxc5 49. bxc5 Ra5 50. b6 Rcxc5 51. b7 Ng2 52. b8=Q Kh7 1-0

[Event "Montreal op"]
[Site "Montreal CAN"]
[Date "2025.09.05"]
[Round "3.28"]
[White "Mok, Yuen Tak"]
[Black "Iordanescu, Victor Nicolae"]
[Result "1-0"]
[WhiteElo "1941"]
[BlackElo "2057"]
[WhiteFideId "-1"]
[WhiteFideId "-1"]
[PlyCount "91"]
[GameId "2219859931394677"]
[EventDate "2025.09.03"]
[EventType "swiss"]
[EventRounds "7"]
[EventCountry "CAN"]

1. Nf3 d5 2. c4 e6 3. e3 Nf6 4. Nc3 Be7 5. b3 O-O 6. Bb2 b6 7. cxd5 exd5 8. d4 Bb7 9. Bd3 c5 10. O-O Nbd7 11. Ne2 Rc8 12. Rc1 Re8 13. Ng3 Bf8 14. Ne5 g6 15. Nxd7 Nxd7 16. dxc5 bxc5 17. Qd2 Bg7 18. Bxg7 Kxg7 19. Rfd1 Nf6 20. Rc2 Qd6 21. Be2 Red8 22. Bf3 Qb6 23. Qc1 a5 24. Ne2 Rc7 25. Nf4 a4 26. bxa4 Qa5 27. Qa3 c4 28. h4 Bc6 29. Rxc4 dxc4 30. Rxd8 Qe1+ 31. Kh2 Be8 32. Qd6 Rd7 33. Rxd7 Bxd7 34. Qd4 Be6 35. Nxe6+ fxe6 36. Qxc4 Qxf2 37. Qc7+ Kh6 38. Qf4+ Kg7 39. a3 e5 40. Qb4 Qf1 41. Qb7+ Kf8 42. Qc8+ Ke7 43. Qc7+ Ke6 44. Qc6+ Ke7 45. Qb7+ Ke6 46. Qb6+ 1-0

[Event "Montreal op"]
[Site "Montreal CAN"]
[Date "2025.09.05"]
[Round "3.29"]
[White "Lalande, Auguste"]
[Black "Chabot, Roland"]
[Result "1/2-1/2"]
[WhiteElo "1400"]
[BlackElo "2043"]
[WhiteFideId "-1"]
[WhiteFideId "-1"]
[PlyCount "52"]
[GameId "2219939269551119"]
[EventDate "2025.09.03"]
[EventType "swiss"]
[EventRounds "7"]
[EventCountry "CAN"]

1. e4 c5 2. c3 Nf6 3. e5 Nd5 4. d4 cxd4 5. Nf3 e6 6. cxd4 b6 7. Nc3 Bb7 8. Bd3 Nxc3 9. bxc3 Be7 10. O-O Nc6 11. Re1 Rc8 12. Be4 Na5 13. Qd3 Qc7 14. Bd2 h6 15. d5 Bxd5 16. Bxd5 exd5 17. Qxd5 Qc4 18. Qe4 Qxe4 19. Rxe4 Nc4 20. Bf4 Nb2 21. Rb1 Nd3 22. c4 Nc5 23. Rd4 Ne6 24. Re4 Nc5 25. Rd4 Ne6 26. Re4 Nc5 1/2-1/2

[Event "Montreal op"]
[Site "Montreal CAN"]
[Date "2025.09.05"]
[Round "3.30"]
[White "Charaf, Bassel"]
[Black "Beaupre, Eugene jr"]
[Result "1/2-1/2"]
[WhiteElo "2003"]
[BlackElo "1895"]
[WhiteFideId "-1"]
[WhiteFideId "-1"]
[PlyCount "96"]
[GameId "2219940310643735"]
[EventDate "2025.09.03"]
[EventType "swiss"]
[EventRounds "7"]
[EventCountry "CAN"]

1. d4 d5 2. c4 e6 3. Nc3 Nf6 4. Bg5 Be7 5. e3 h6 6. Bh4 O-O 7. Nf3 a6 8. Qc2 dxc4 9. Bxc4 b5 10. Bd3 Bb7 11. Bxf6 Bxf6 12. a4 Nc6 13. Bh7+ Kh8 14. Be4 Nb4 15. Qb3 Bxe4 16. Nxe4 Be7 17. O-O Qd5 18. Qxd5 exd5 19. Nc3 c6 20. Rfc1 Nd3 21. Rc2 Nb4 22. Rd2 Bd6 23. Ne1 f5 24. g3 g5 25. f4 g4 26. Na2 Rfe8 27. Kf2 Nxa2 28. Rxa2 Bb4 29. Rd1 Bxe1+ 30. Rxe1 Kg7 31. Rc1 Re6 32. axb5 cxb5 33. b4 Rae8 34. Ra3 Kg6 35. Rc7 Rd6 36. Rac3 Ree6 37. Rc1 Rf6 38. R7c5 Kf7 39. h3 h5 40. hxg4 hxg4 41. Rh1 Rg6 42. Rc7+ Kg8 43. Rh5 Rh6 44. Rg5+ Rdg6 45. Rxf5 Rh2+ 46. Kg1 Rgh6 47. Rc8+ Kh7 48. Rc7+ Kg8 1/2-1/2

[Event "Montreal op"]
[Site "Montreal CAN"]
[Date "2025.09.05"]
[Round "3.31"]
[White "Nassar, Marc"]
[Black "Morteza, Arian"]
[Result "1-0"]
[WhiteElo "1946"]
[BlackElo "1910"]
[WhiteFideId "-1"]
[WhiteFideId "-1"]
[PlyCount "145"]
[GameId "2219943671366687"]
[EventDate "2025.09.03"]
[EventType "swiss"]
[EventRounds "7"]
[EventCountry "CAN"]

1. e4 c5 2. d4 cxd4 3. c3 dxc3 4. Nxc3 Nc6 5. Nf3 d6 6. Bc4 e6 7. O-O Nf6 8. Qe2 Be7 9. Rd1 Ng4 10. Bf4 e5 11. Bc1 Be6 12. Nd5 Bxd5 13. Bxd5 O-O 14. a3 Qc7 15. b4 a6 16. Bd2 Rac8 17. Rac1 Qb8 18. a4 Nf6 19. Bc4 d5 20. exd5 Nxb4 21. Nxe5 Bd6 22. Bxb4 Bxb4 23. d6 Bxd6 24. Bxf7+ Kh8 25. Rxc8 Rxc8 26. Be6 Rf8 27. Nf7+ Rxf7 28. Bxf7 b5 29. axb5 axb5 30. g3 h6 31. Qe6 Bc5 32. Bg6 Qf8 33. Rf1 b4 34. Qc6 Bd4 35. Kg2 Ng8 36. Bd3 Nf6 37. f3 Qe8 38. Qxe8+ Nxe8 39. Bg6 Nc7 40. Rc1 Bc3 41. Rd1 Bf6 42. Rd7 Ne6 43. Rb7 Nf8 44. Bf7 Bc3 45. Rb8 g5 46. Rxf8+ Kg7 47. Rb8 Kxf7 48. Kf2 h5 49. Ke3 Kf6 50. Ke4 h4 51. Rb6+ Ke7 52. Kf5 hxg3 53. hxg3 Bd2 54. Ke4 Kd7 55. Kd5 Be1 56. g4 Bd2 57. Rb7+ Kd8 58. Kc4 Kc8 59. Rb5 Kc7 60. Rc5+ Kb6 61. Rd5 Bf4 62. Kxb4 Kc6 63. Kc4 Be3 64. Rd8 Bb6 65. Rd1 Be3 66. Kd3 Bf4 67. Ke4 Kc5 68. Kf5 Kc4 69. Rd7 Be3 70. Rg7 Kd3 71. Rxg5 Ke2 72. f4 Kf3 73. Rh5 1-0

[Event "Montreal op"]
[Site "Montreal CAN"]
[Date "2025.09.05"]
[Round "3.32"]
[White "Ang, Alan"]
[Black "Nagelberg, Alan"]
[Result "1-0"]
[WhiteElo "1938"]
[BlackElo "1881"]
[WhiteFideId "-1"]
[WhiteFideId "-1"]
[PlyCount "67"]
[GameId "2219955377683401"]
[EventDate "2025.09.03"]
[EventType "swiss"]
[EventRounds "7"]
[EventCountry "CAN"]

1. b3 e5 2. Bb2 Nc6 3. c4 g6 4. g3 Bg7 5. Bg2 Nge7 6. Nc3 d6 7. e3 O-O 8. Nge2 Rb8 9. O-O Bf5 10. e4 Be6 11. Nd5 f5 12. d4 fxe4 13. Nxe7+ Nxe7 14. dxe5 Nc6 15. Nd4 Nxd4 16. Qxd4 c5 17. Qxe4 dxe5 18. Bxe5 Bf5 19. Qd5+ Qxd5 20. Bxd5+ Kh8 21. Bxb8 Bxa1 22. Bd6 Rd8 23. Bxc5 b6 24. Bxb6 axb6 25. Rxa1 Re8 26. Kg2 Re2 27. b4 Rb2 28. b5 Kg7 29. a4 Bd3 30. Ra3 Bc2 31. a5 bxa5 32. Rxa5 Kf6 33. c5 Ke5 34. Bf3 1-0

[Event "Montreal op"]
[Site "Montreal CAN"]
[Date "2025.09.05"]
[Round "3.33"]
[White "Wu, Ting En Ryan"]
[Black "Duval, Mathieu"]
[Result "1/2-1/2"]
[WhiteElo "1743"]
[BlackElo "1929"]
[WhiteFideId "-1"]
[WhiteFideId "-1"]
[PlyCount "103"]
[GameId "2220141479545809"]
[EventDate "2025.09.03"]
[EventType "swiss"]
[EventRounds "7"]
[EventCountry "CAN"]

1. e4 g6 2. d4 d6 3. Nc3 Bg7 4. Nf3 a6 5. Be3 b5 6. Bd3 Nd7 7. a4 b4 8. Ne2 Ngf6 9. h3 O-O 10. O-O Bb7 11. Ng3 c5 12. c3 c4 13. Bxc4 bxc3 14. bxc3 Nxe4 15. Nxe4 Bxe4 16. Ng5 Bc6 17. Qb3 Qe8 18. d5 Rb8 19. Qa3 Ba8 20. Bxa6 Bxd5 21. Rad1 Bc6 22. c4 h6 23. Nf3 Bxf3 24. gxf3 Ne5 25. Bd4 Qc6 26. Bxe5 Bxe5 27. Bb5 Qc8 28. Kg2 Qf5 29. Qe3 Bf4 30. Qxe7 Be5 31. Qh4 h5 32. Rg1 Rb7 33. Qe4 Qg5+ 34. Kf1 Qe7 35. f4 Bf6 36. Qxe7 Bxe7 37. f5 Kh7 38. Rd5 Rd7 39. Ke2 Rfd8 40. Kd3 Bh4 41. f4 Re7 42. Rg2 Re1 43. fxg6+ fxg6 44. Re2 Rf1 45. c5 dxc5 46. Rxd8 Bxd8 47. Re8 Ba5 48. Ke2 Rxf4 49. Rc8 Bb4 50. a5 Bxa5 51. Rxc5 Kh6 52. Bd3 1/2-1/2

[Event "Montreal op"]
[Site "Montreal CAN"]
[Date "2025.09.05"]
[Round "3.34"]
[White "Deboosere, Adam Moussa"]
[Black "Zhang, Yitian"]
[Result "1-0"]
[WhiteElo "1925"]
[BlackElo "1833"]
[WhiteFideId "-1"]
[WhiteFideId "-1"]
[PlyCount "73"]
[GameId "2220143782046681"]
[EventDate "2025.09.03"]
[EventType "swiss"]
[EventRounds "7"]
[EventCountry "CAN"]

1. Nf3 d5 2. b3 Bf5 3. Bb2 e6 4. g3 Nf6 5. Bg2 h6 6. d3 c6 7. Nbd2 Be7 8. O-O O-O 9. Re1 Bh7 10. e4 Re8 11. Qe2 Na6 12. a3 dxe4 13. dxe4 Nc5 14. Rad1 Qc7 15. Ne5 Rad8 16. Nec4 b5 17. Ne5 a6 18. Qe3 Ncd7 19. Nd3 Qa5 20. b4 Qc7 21. Nb3 Ng4 22. Qf4 Qxf4 23. gxf4 Ngf6 24. Bd4 Rb8 25. Bc5 Nxc5 26. Ndxc5 Bxc5 27. Nxc5 a5 28. bxa5 Ra8 29. a6 Nh5 30. Rd6 Rec8 31. e5 Ra7 32. Red1 Bxc2 33. Rd8+ Rxd8 34. Rxd8+ Kh7 35. Rd7 Ra8 36. Bxc6 Rc8 37. a7 1-0

[Event "Montreal op"]
[Site "Montreal CAN"]
[Date "2025.09.05"]
[Round "3.35"]
[White "Li, Yilin"]
[Black "Fodil, Abderrahmane"]
[Result "1-0"]
[WhiteElo "1922"]
[BlackElo "1400"]
[WhiteFideId "-1"]
[WhiteFideId "-1"]
[PlyCount "43"]
[GameId "2220145299430369"]
[EventDate "2025.09.03"]
[EventType "swiss"]
[EventRounds "7"]
[EventCountry "CAN"]

1. e4 c6 2. d4 d5 3. e5 Bf5 4. g4 Bg6 5. e6 fxe6 6. h4 h5 7. Bd3 Bf7 8. Nf3 Nd7 9. Ng5 Nh6 10. Nxf7 Nxf7 11. Bg6 Nf6 12. g5 Qd7 13. Nd2 Qc7 14. Nf3 O-O-O 15. Bxf7 Nd7 16. Bxe6 Kb8 17. Qe2 Qd6 18. Bxd7 Qxd7 19. Ne5 Qf5 20. Rg1 g6 21. Rg3 Bg7 22. Rf3 1-0

[Event "Montreal op"]
[Site "Montreal CAN"]
[Date "2025.09.06"]
[Round "4.2"]
[White "Lesiege, Alexandre"]
[Black "Gutierrez, Renzo"]
[Result "1-0"]
[WhiteElo "2465"]
[BlackElo "2172"]
[WhiteFideId "-1"]
[WhiteFideId "-1"]
[PlyCount "57"]
[GameId "2221284413316671"]
[EventDate "2025.09.03"]
[EventType "swiss"]
[EventRounds "7"]
[EventCountry "CAN"]

1. e4 e5 2. Nf3 Nc6 3. Bb5 a6 4. Ba4 d6 5. O-O Bd7 6. c3 g6 7. d4 Bg7 8. h3 Nf6 9. Re1 O-O 10. Bc2 Nh5 11. a4 Qe8 12. a5 f5 13. d5 Nd8 14. c4 f4 15. Ba4 h6 16. Bxd7 Qxd7 17. Nbd2 c5 18. b4 cxb4 19. Rb1 Nf7 20. Rxb4 Rfc8 21. Nh4 Nh8 22. Nxg6 Nxg6 23. Qxh5 Kh7 24. Ba3 Bf8 25. Reb1 Rc7 26. Rb6 Qa4 27. Bxd6 Bxd6 28. Rxd6 Rg8 29. Nf3 1-0

[Event "Montreal op"]
[Site "Montreal CAN"]
[Date "2025.09.06"]
[Round "4.4"]
[White "Chiku-Ratte, Olivier-Kenta"]
[Black "Arruebarrena, Rafael"]
[Result "1-0"]
[WhiteElo "2319"]
[BlackElo "2107"]
[WhiteFideId "-1"]
[WhiteFideId "-1"]
[PlyCount "79"]
[GameId "2221284413374032"]
[EventDate "2025.09.03"]
[EventType "swiss"]
[EventRounds "7"]
[EventCountry "CAN"]

1. d4 d5 2. Nf3 Nf6 3. c3 c5 4. dxc5 e6 5. b4 a5 6. e3 axb4 7. cxb4 b6 8. Bb5+ Bd7 9. Bxd7+ Nbxd7 10. a4 bxc5 11. b5 Bd6 12. Bb2 Qc7 13. Nbd2 c4 14. Qc2 O-O 15. O-O Rfb8 16. Bc3 Nc5 17. h3 Nfe4 18. Nxe4 Nxe4 19. Nd4 Bh2+ 20. Kh1 Be5 21. Rfb1 Bxd4 22. Bxd4 e5 23. Bc3 Nc5 24. a5 Nb3 25. Rxb3 cxb3 26. Qxb3 Qc5 27. Rb1 d4 28. Bd2 h6 29. exd4 exd4 30. Qd3 Qd5 31. b6 Qa2 32. b7 Ra7 33. a6 Rxa6 34. Bf4 Ra3 35. Qf5 g6 36. Qc8+ Kh7 37. Rf1 Rxh3+ 38. Qxh3 Rxb7 39. Qxh6+ Kg8 40. Be5 1-0

[Event "Montreal op"]
[Site "Montreal CAN"]
[Date "2025.09.06"]
[Round "4.5"]
[White "Moses, Neil"]
[Black "Latorre, Vincent"]
[Result "0-1"]
[WhiteElo "2056"]
[BlackElo "2319"]
[WhiteFideId "-1"]
[WhiteFideId "-1"]
[PlyCount "58"]
[GameId "2221284413374033"]
[EventDate "2025.09.03"]
[EventType "swiss"]
[EventRounds "7"]
[EventCountry "CAN"]

1. e4 g6 2. d4 Bg7 3. Nc3 d6 4. Be3 a6 5. Qd2 b5 6. h4 h6 7. O-O-O Bb7 8. f3 Nd7 9. Nh3 Rc8 10. Kb1 c5 11. dxc5 Nxc5 12. Nd5 Nf6 13. Bd4 Ncd7 14. Bc3 Bxd5 15. exd5 O-O 16. Bd4 Qc7 17. Nf4 Ne4 18. fxe4 Bxd4 19. Be2 Bg7 20. Bg4 Ne5 21. Bxc8 Nc4 22. Qb4 a5 23. Qb3 a4 24. Qb4 Nxb2 25. Rd4 Rxc8 26. c3 Bxd4 27. Qxd4 a3 28. Rh3 Qc4 29. Qxc4 Rxc4 0-1

[Event "Montreal op"]
[Site "Montreal CAN"]
[Date "2025.09.06"]
[Round "4.6"]
[White "Genzling, Jerome"]
[Black "Tanaka, Tyler"]
[Result "1/2-1/2"]
[WhiteElo "2019"]
[BlackElo "2244"]
[WhiteFideId "-1"]
[WhiteFideId "-1"]
[PlyCount "67"]
[GameId "2221284413374034"]
[EventDate "2025.09.03"]
[EventType "swiss"]
[EventRounds "7"]
[EventCountry "CAN"]

1. c4 e6 2. d4 Nf6 3. Nf3 d5 4. Bg5 dxc4 5. Qa4+ Nbd7 6. Qxc4 c5 7. dxc5 Bxc5 8. e3 b6 9. Be2 Bb7 10. Nc3 a6 11. a4 h6 12. Bh4 Rc8 13. Qb3 O-O 14. O-O Qe7 15. Rfd1 Rfd8 16. h3 Bd6 17. Bxf6 gxf6 18. Rd4 f5 19. Rad1 Bc5 20. R4d2 Nf6 21. Ne5 Rxd2 22. Rxd2 Qc7 23. Bf3 Bxf3 24. Nxf3 Rd8 25. Rxd8+ Qxd8 26. Qc4 a5 27. Qh4 Kg7 28. Ne5 Qc7 29. Qg3+ Kh7 30. Nb5 Qe7 31. Qh4 Kg7 32. Qg3+ Kh7 33. Qh4 Kg7 34. Qg3+ 1/2-1/2